000 00599nab#a2200193#c#4500
999 _c123494
_d123494
003 IEF
005 20191205183819.0
008 950927s1975 uuu|| #####0 b| |u
040 _aIEF
_cES-MaIEF
100 1 _aPechman, Joseph Aaron
_934622
245 _aLa participación de los diversos niveles de gobierno en los ingresos públicos
_bde nuevo sobre el tema
_c Joseph A. Pechman
260 _c1975
500 _aConclusiones
650 4 _aINGRESOS PUBLICOS
_944455
773 0 _tHacienda pública española
_w34570
_gn. 35, 1975;pags. 419-424
942 _2udc
942 _2udc